[Event "Villa Ballester op"]
[White "Graizzaro, Siro"]
[Black "Vorobioff, Nicolas"]
[Site "Villa Ballester"]
[Round "3"]
[Result "0-1"]
[Date "2024.08.03"]
[WhiteElo "1849"]
[BlackElo "1935"]
[PlyCount "70"]
[EventDate "2024.08.02"]
[EventType "swiss"]
[EventRounds "7"]
[EventCountry "ARG"]
[SourceTitle "EXT 2025"]
[Source "ChessBase"]
[SourceDate "2024.10.14"]
[SourceVersion "1"]
[SourceVersionDate "2024.10.14"]
[SourceQuality "1"]

1. e4 a6 2. d4 b5 3. a4 Bb7 4. Bd3 Nf6 5. Qe2 b4 6. a5 e6 7. Nd2 c5 8. Ngf3 cxd4 9. Nxd4 Nc6 10. Nxc6 dxc6 11. Nc4 Be7 12. Bg5 h6 13. Bxf6 gxf6 14. Qe3 c5 15. Nb6 Ra7 16. Rd1 Qc7 17. f4 Qc6 18. Rd2 Bd8 19. Nc4 Bc7 20. e5 f5 21. c3 bxc3 22. bxc3 Rg8 23. Rg1 Ke7 24. Qh3 Rg6 25. Bc2 Qb5 26. Bd3 Bxa5 27. Qh4+ Kf8 28. Nxa5 Qxa5 29. Bxf5 exf5 30. Rd8+ Kg7 31. Qe7 Qxc3+ 32. Kf2 Qc2+ 33. Ke1 Qc1+ 34. Ke2 Bf3+ 35. gxf3 Qc4+ 0-1

[Event "Villa Ballester op"]
[White "Vorobioff, Nicolas"]
[Black "Barales, Guillermo"]
[Site "Villa Ballester"]
[Round "2"]
[Result "1-0"]
[Date "2024.08.03"]
[WhiteElo "1935"]
[BlackElo "1656"]
[PlyCount "67"]
[EventDate "2024.08.02"]
[EventType "swiss"]
[EventRounds "7"]
[EventCountry "ARG"]
[SourceTitle "EXT 2025"]
[Source "ChessBase"]
[SourceDate "2024.10.14"]
[SourceVersion "1"]
[SourceVersionDate "2024.10.14"]
[SourceQuality "1"]

1. e4 e5 2. Nf3 Nc6 3. Bb5 a6 4. Bxc6 dxc6 5. d4 exd4 6. Qxd4 Qxd4 7. Nxd4 Bc5 8. Nb3 Bd6 9. 0-0 Nf6 10. e5 Bxe5 11. Re1 Ng4 12. f4 Bf5 13. h3 Nh6 14. Rxe5+ Kd7 15. Nc3 Rae8 16. Nc5+ Kc8 17. N5e4 f6 18. Rxe8+ Rxe8 19. Ng3 Bxc2 20. Kf2 b5 21. Be3 b4 22. Nce2 Kb7 23. Rc1 Ba4 24. Nd4 c5 25. Rxc5 Kb6 26. Rc1 c5 27. Ndf5 Nxf5 28. Bxc5+ Ka5 29. Nxf5 Rc8 30. Nxg7 Kb5 31. Be3 Bc2 32. Ke2 a5 33. Kd2 Bf5 34. Nxf5 1-0

[Event "Villa Ballester op 73rd"]
[White "Panelo, Lionel"]
[Black "Vorobioff, Nicolas"]
[Site "Buenos Aires"]
[Round "7"]
[Result "0-1"]
[Date "2024.01.26"]
[WhiteElo "1610"]
[BlackElo "1909"]
[PlyCount "44"]
[EventDate "2024.01.19"]
[EventType "swiss"]
[EventRounds "9"]
[EventCountry "ARG"]
[SourceTitle "CBM 218 Extra"]
[Source "ChessBase"]
[SourceDate "2024.03.31"]
[SourceVersion "1"]
[SourceVersionDate "2024.03.31"]
[SourceQuality "1"]

1. d4 d5 2. Nf3 e6 3. e3 f5 4. Ne5 Nf6 5. Bd3 Bd6 6. f4 0-0 7. 0-0 c5 8. c3 Ne4 9. Nd2 Nc6 10. Ndf3 a6 11. Nxc6 bxc6 12. Ne5 Qb6 13. Qa4 cxd4 14. exd4 c5 15. Rb1 c4 16. Bc2 Ra7 17. Qc6 Qd8 18. Rf3 Rb7 19. b3 cxb3 20. Rxb3 Rc7 21. Qa4 Bb7 22. Ba3 Nd2 0-1